Statystyki dla Kluby piłkarskie z Podkarpacia

Kliknij tutaj aby rozwiązać quiz!

Ogólne statystyki

  • Ten quiz został rozwiązany 59 razy
  • Średni wynik to 8 z 20

Statystyki odpowiedzi

Odpowiedź% Poprawnych
Stal Rzeszów
96%
Stal Mielec
91%
Resovia Rzeszów
83%
Stal Stalowa Wola
70%
Siarka Tarnobrzeg
65%
Karpaty Krosno
59%
Wisłoka Dębica
56%
Polonia Przemyśl
44%
Czuwaj Przemyśl
41%
Stal Sanok
39%
Igloopol Dębica
31%
Izolator Boguchwała
30%
Sokół Sieniawa
30%
Orzeł Przeworsk
26%
Sokół Nisko
20%
Pogoń Leżajsk
15%
Pogoń Lubaczów
11%
Legion Pilzno
6%
Czarni 1910 Jasło
0%
JKS 1909 Jarosław
0%

Rozkład punktacji

Percentyl według liczby udzielonych odpowiedzi

Procent ludzi z każdym wynikiem

Twoja historia wyników

Nie rozwiązałeś tego quizu